[Event "2016 Girls Closed Championship"]
[Site "Manchester, NH"]
[Date "2016.06.27"]
[Round "5.4"]
[White "Dong, Alice"]
[Black "Virkud, Apurva"]
[Result "1-0"]
[BlackElo "1913"]
[WhiteElo "1953"]
[LiveChessVersion "1.4.8"]

1. e4 {[%clk 1:30:33]} c5 {[%clk 1:30:54]} 2. Nf3 {[%clk 1:30:47]} d6
{[%clk 1:31:19]} 3. d4 {[%clk 1:30:59]} cxd4 {[%clk 1:31:42]} 4. Nxd4
{[%clk 1:31:25]} Nf6 {[%clk 1:32:01]} 5. Nc3 {[%clk 1:31:50]} a6 {[%clk 1:32:28]}
6. h3 {[%clk 1:31:55]} e6 {[%clk 1:32:47]} 7. g4 {[%clk 1:31:41]} Be7
{[%clk 1:32:59]} 8. Bg2 {[%clk 1:32:04]} Nfd7 {[%clk 1:33:08]} 9. O-O
{[%clk 1:32:09]} Nc6 {[%clk 1:32:52]} 10. Nce2 {[%clk 1:32:17]} O-O
{[%clk 1:32:35]} 11. b3 {[%clk 1:31:39]} Qc7 {[%clk 1:30:18]} 12. c4
{[%clk 1:29:50]} Rd8 {[%clk 1:26:44]} 13. Bb2 {[%clk 1:29:22]} Nc5
{[%clk 1:25:42]} 14. Rc1 {[%clk 1:27:34]} Bf8 {[%clk 1:19:33]} 15. Ng3
{[%clk 1:22:54]} Nxd4 {[%clk 1:12:31]} 16. Bxd4 {[%clk 1:22:55]} e5
{[%clk 1:11:13]} 17. Be3 {[%clk 1:21:40]} Bd7 {[%clk 1:10:00]} 18. Bg5
{[%clk 1:15:41]} Re8 {[%clk 1:08:12]} 19. Qd2 {[%clk 1:13:49]} Bc6
{[%clk 1:04:27]} 20. Rfe1 {[%clk 1:11:43]} Ne6 {[%clk 1:02:01]} 21. Be3
{[%clk 1:11:17]} b6 {[%clk 0:57:57]} 22. Rcd1 {[%clk 1:04:16]} Qb7
{[%clk 0:56:31]} 23. f3 {[%clk 1:01:21]} b5 {[%clk 0:52:03]} 24. Nf5
{[%clk 0:59:09]} Red8 {[%clk 0:49:21]} 25. Bf2 {[%clk 0:52:50]} Rd7
{[%clk 0:46:33]} 26. Ne3 {[%clk 0:50:18]} Be7 {[%clk 0:43:12]} 27. h4
{[%clk 0:48:14]} Bd8 {[%clk 0:41:19]} 28. Nf5 {[%clk 0:43:47]} Bc7
{[%clk 0:41:19]} 29. Kh2 {[%clk 0:40:56]} Rad8 {[%clk 0:35:05]} 30. h5
{[%clk 0:34:36]} f6 {[%clk 0:25:02]} 31. Bh4 {[%clk 0:30:42]} Rf8
{[%clk 0:15:24]} 32. g5 {[%clk 0:25:29]} fxg5 {[%clk 0:13:06]} 33. Bxg5
{[%clk 0:24:57]} Bd8 {[%clk 0:11:06]} 34. Be3 {[%clk 0:22:50]} Bb6
{[%clk 0:06:57]} 35. Bh3 {[%clk 0:21:07]} Bxe3 {[%clk 0:05:39]} 36. Qxe3
{[%clk 0:20:30]} Nf4 {[%clk 0:04:12]} 37. Rg1 {[%clk 0:19:16]} Qb8
{[%clk 0:02:46]} 38. Rg5 {[%clk 0:10:30]} Kh8 {[%clk 0:02:14]} 39. Rdg1
{[%clk 0:04:45]} Qe8 {[%clk 0:02:06]} 40. Qb6 {[%clk 0:32:20]} Ba8
{[%clk 0:31:54]} 41. cxb5 {[%clk 0:28:51]} d5 {[%clk 0:17:58]} 42. Nxg7
{[%clk 0:25:46]} Qc8 {[%clk 0:13:25]} 43. Bxd7 {[%clk 0:22:50]} Qc2+
{[%clk 0:10:44]} 44. R1g2 {[%clk 0:20:26]} Nxg2 {[%clk 0:10:12]} 45. Rxg2
{[%clk 0:20:50]} Qd3 {[%clk 0:08:11]} 46. Ne6 {[%clk 0:19:47]} Qxf3
{[%clk 0:08:04]} 47. Nxf8 {[%clk 0:19:27]} Qf4+ {[%clk 0:08:22]} 48. Kh1
{[%clk 0:18:08]} dxe4 {[%clk 0:06:36]} 49. Ng6+ {[%clk 0:18:14]} hxg6
{[%clk 0:06:57]} 50. Qd8+ {[%clk 0:18:39]} Kh7 {[%clk 0:06:54]} 51. Qe7+
{[%clk 0:18:36]} Kh8 {[%clk 0:06:55]} 52. Qe8+ {[%clk 0:19:00]} 1-0

[Event "2016 Girls Closed Championship"]
[Site "Manchester, NH"]
[Date "2016.06.27"]
[Round "5.5"]
[White "Yu, Jennifer"]
[Black "Feng, Maggie"]
[Result "1-0"]
[BlackElo "2227"]
[WhiteElo "2187"]
[LiveChessVersion "1.4.8"]

1. c4 {[%clk 1:30:55]} e6 {[%clk 1:30:50]} 2. Nc3 {[%clk 1:31:16]} d5
{[%clk 1:31:10]} 3. d4 {[%clk 1:31:29]} c6 {[%clk 1:31:26]} 4. e4
{[%clk 1:31:04]} dxe4 {[%clk 1:31:43]} 5. Nxe4 {[%clk 1:31:29]} Bb4+
{[%clk 1:32:02]} 6. Bd2 {[%clk 1:31:53]} Qxd4 {[%clk 1:32:20]} 7. Bxb4
{[%clk 1:32:19]} Qxe4+ {[%clk 1:32:35]} 8. Ne2 {[%clk 1:32:40]} e5
{[%clk 1:31:52]} 9. Qd6 {[%clk 1:24:18]} Nd7 {[%clk 1:32:06]} 10. Rd1
{[%clk 1:20:37]} h5 {[%clk 1:29:55]} 11. b3 {[%clk 1:08:52]} Rh6 {[%clk 1:23:18]}
12. Qd2 {[%clk 1:08:44]} f5 {[%clk 1:09:17]} 13. Qg5 {[%clk 0:55:50]} Qg4
{[%clk 1:06:12]} 14. h4 {[%clk 0:52:48]} Qxg5 {[%clk 0:50:42]} 15. hxg5
{[%clk 0:53:17]} Rh8 {[%clk 0:50:44]} 16. f4 {[%clk 0:41:13]} e4 {[%clk 0:45:38]}
17. Bc3 {[%clk 0:39:58]} Rh7 {[%clk 0:41:11]} 18. g4 {[%clk 0:31:19]} fxg4
{[%clk 0:36:29]} 19. Ng3 {[%clk 0:22:15]} g6 {[%clk 0:33:46]} 20. Nxe4
{[%clk 0:20:12]} Re7 {[%clk 0:32:08]} 21. Bg2 {[%clk 0:20:12]} Nc5
{[%clk 0:29:02]} 22. Be5 {[%clk 0:20:36]} Nxe4 {[%clk 0:24:03]} 23. Bxe4
{[%clk 0:21:04]} Kf7 {[%clk 0:24:26]} 24. Rd8 {[%clk 0:12:47]} Bf5
{[%clk 0:16:57]} 25. Rxa8 {[%clk 0:12:22]} Bxe4 {[%clk 0:17:22]} 26. Rh2
{[%clk 0:12:09]} Rd7 {[%clk 0:12:18]} 27. Rd2 {[%clk 0:09:52]} Rxd2
{[%clk 0:09:03]} 28. Kxd2 {[%clk 0:10:20]} h4 {[%clk 0:09:19]} 29. Ke3
{[%clk 0:06:59]} h3 {[%clk 0:08:59]} 30. f5 {[%clk 0:06:16]} Bxf5
{[%clk 0:09:08]} 31. Rxa7 {[%clk 0:06:13]} Ke6 {[%clk 0:09:11]} 32. Bg3
{[%clk 0:06:09]} b5 {[%clk 0:07:23]} 33. cxb5 {[%clk 0:05:53]} cxb5
{[%clk 0:07:49]} 34. Rb7 {[%clk 0:06:03]} Ne7 {[%clk 0:07:54]} 35. Rxb5
{[%clk 0:05:59]} Bb1 {[%clk 0:07:54]} 36. a4 {[%clk 0:05:06]} Nf5+
{[%clk 0:07:11]} 37. Kf4 {[%clk 0:03:48]} Nd4 {[%clk 0:07:28]} 38. Rb6+
{[%clk 0:03:30]} Kd5 {[%clk 0:07:49]} 39. Kxg4 {[%clk 0:03:10]} Bf5+
{[%clk 0:08:12]} 40. Kf4 {[%clk 0:33:38]} Ne6+ {[%clk 0:38:01]} 41. Ke3
{[%clk 0:32:53]} Nxg5 {[%clk 0:37:51]} 42. a5 {[%clk 0:28:39]} Ne4
{[%clk 0:38:06]} 43. a6 {[%clk 0:23:24]} Kc5 {[%clk 0:35:56]} 44. a7
{[%clk 0:23:20]} Kxb6 {[%clk 0:36:03]} 45. a8=Q {[%clk 0:23:46]} Nxg3
{[%clk 0:36:21]} 46. Qb8+ {[%clk 0:24:13]} Kc5 {[%clk 0:36:40]} 47. Qxg3
{[%clk 0:24:40]} Kb6 {[%clk 0:36:34]} 48. Kd4 {[%clk 0:24:03]} Kc6
{[%clk 0:36:58]} 49. Kc4 {[%clk 0:24:14]} Be6+ {[%clk 0:37:13]} 50. Kb4
{[%clk 0:24:08]} Bf5 {[%clk 0:37:33]} 51. Ka5 {[%clk 0:24:20]} Kd5
{[%clk 0:37:48]} 52. b4 {[%clk 0:23:48]} Ke6 {[%clk 0:37:54]} 53. b5
{[%clk 0:23:51]} Kf6 {[%clk 0:38:17]} 54. b6 {[%clk 0:24:07]} g5 {[%clk 0:38:36]}
55. b7 {[%clk 0:24:27]} g4 {[%clk 0:38:57]} 56. b8=Q {[%clk 0:24:45]} Kg6
{[%clk 0:39:23]} 57. Qbd6+ {[%clk 0:24:57]} Kf7 {[%clk 0:39:46]} 58. Qge5
{[%clk 0:25:20]} Bg6 {[%clk 0:40:04]} 59. Qee7+ {[%clk 0:25:39]} Kg8
{[%clk 0:40:28]} 60. Qxg6+ 1-0

[Event "2016 Girls Closed Championship"]
[Site "Manchester, NH"]
[Date "2016.06.28"]
[Round "6.1"]
[White "Liu, Joanna"]
[Black "Feng, Maggie"]
[Result "1-0"]
[BlackElo "2227"]
[WhiteElo "1850"]
[LiveChessVersion "1.4.8"]

1. d4 {[%clk 1:30:56]} e6 {[%clk 1:30:35]} 2. c4 {[%clk 1:31:20]} Nf6
{[%clk 1:30:54]} 3. Nf3 {[%clk 1:31:45]} Bb4+ {[%clk 1:31:17]} 4. Bd2
{[%clk 1:32:10]} a5 {[%clk 1:31:39]} 5. g3 {[%clk 1:32:11]} d6 {[%clk 1:31:54]}
6. Bg2 {[%clk 1:32:32]} Nbd7 {[%clk 1:32:11]} 7. O-O {[%clk 1:32:43]} e5
{[%clk 1:32:32]} 8. d5 {[%clk 1:32:02]} Bxd2 {[%clk 1:09:14]} 9. Nbxd2
{[%clk 1:32:05]} O-O {[%clk 1:09:08]} 10. e4 {[%clk 1:28:54]} Nc5
{[%clk 1:09:03]} 11. Ne1 {[%clk 1:28:53]} c6 {[%clk 1:05:09]} 12. Qc2
{[%clk 1:19:09]} cxd5 {[%clk 1:00:33]} 13. cxd5 {[%clk 1:18:29]} b6
{[%clk 0:59:07]} 14. f3 {[%clk 1:06:42]} h5 {[%clk 0:47:18]} 15. h4
{[%clk 0:57:17]} Ba6 {[%clk 0:34:06]} 16. Rf2 {[%clk 0:57:12]} b5
{[%clk 0:33:28]} 17. Nb3 {[%clk 0:53:20]} Nxb3 {[%clk 0:24:56]} 18. Qxb3
{[%clk 0:53:41]} Qb6 {[%clk 0:22:07]} 19. Nc2 {[%clk 0:51:37]} Rac8
{[%clk 0:21:07]} 20. Qe3 {[%clk 0:51:13]} Qxe3 {[%clk 0:19:08]} 21. Nxe3
{[%clk 0:51:38]} b4 {[%clk 0:18:23]} 22. Nf5 {[%clk 0:51:00]} Rcd8
{[%clk 0:17:02]} 23. Ne7+ {[%clk 0:50:10]} Kh7 {[%clk 0:17:25]} 24. Nc6
{[%clk 0:50:30]} Ra8 {[%clk 0:16:50]} 25. Nxa5 {[%clk 0:49:58]} Bb5
{[%clk 0:16:56]} 26. Nc6 {[%clk 0:48:15]} b3 {[%clk 0:11:25]} 27. Nb4
{[%clk 0:46:12]} Rfc8 {[%clk 0:11:09]} 28. a3 {[%clk 0:44:50]} Rc4
{[%clk 0:09:02]} 29. Re1 {[%clk 0:40:57]} Rc5 {[%clk 0:07:41]} 30. Bf1
{[%clk 0:40:12]} Ba4 {[%clk 0:08:00]} 31. Ba6 {[%clk 0:36:42]} Ra7
{[%clk 0:07:59]} 32. Rd2 {[%clk 0:33:18]} Nd7 {[%clk 0:07:20]} 33. f4
{[%clk 0:29:57]} g6 {[%clk 0:05:33]} 34. Be2 {[%clk 0:27:48]} Rc8
{[%clk 0:04:34]} 35. Bd1 {[%clk 0:24:46]} Re8 {[%clk 0:03:58]} 36. Nc6
{[%clk 0:22:26]} Rc7 {[%clk 0:03:09]} 37. fxe5 {[%clk 0:21:52]} Nxe5
{[%clk 0:02:54]} 38. Nxe5 {[%clk 0:22:05]} Rxe5 {[%clk 0:03:08]} 39. Rd4
{[%clk 0:21:55]} Ra7 {[%clk 0:02:20]} 40. Re3 {[%clk 0:49:47]} f5
{[%clk 0:32:31]} 41. Bxb3 {[%clk 0:49:36]} Bxb3 {[%clk 0:32:46]} 42. Rxb3
{[%clk 0:50:02]} fxe4 {[%clk 0:33:09]} 43. Re3 {[%clk 0:49:22]} Ra5
{[%clk 0:32:56]} 44. Rexe4 {[%clk 0:48:53]} Rxe4 {[%clk 0:32:09]} 45. Rxe4
{[%clk 0:49:19]} Rxd5 {[%clk 0:32:33]} 46. Kf2 {[%clk 0:49:17]} Rd2+
{[%clk 0:30:56]} 47. Re2 {[%clk 0:49:21]} Rd3 {[%clk 0:31:24]} 48. a4
{[%clk 0:47:45]} Rb3 {[%clk 0:29:53]} 49. Rd2 {[%clk 0:46:42]} d5
{[%clk 0:26:02]} 50. a5 {[%clk 0:45:24]} Rb5 {[%clk 0:26:23]} 51. b4
{[%clk 0:45:02]} Rxb4 {[%clk 0:26:45]} 52. Rxd5 {[%clk 0:45:29]} Ra4
{[%clk 0:25:26]} 53. Rg5 {[%clk 0:45:00]} Kg7 {[%clk 0:23:50]} 54. Ke3
{[%clk 0:44:47]} Kf7 {[%clk 0:22:51]} 55. Kd3 {[%clk 0:45:06]} Ke7
{[%clk 0:22:38]} 56. Kc3 {[%clk 0:44:19]} Kf7 {[%clk 0:21:00]} 57. Kb3
{[%clk 0:44:21]} Ra1 {[%clk 0:21:21]} 58. Kb4 {[%clk 0:44:24]} Ra2
{[%clk 0:19:30]} 59. Kb5 {[%clk 0:44:31]} Rb2+ {[%clk 0:19:52]} 60. Kc6
{[%clk 0:44:28]} Ra2 {[%clk 0:20:17]} 61. Kb6 {[%clk 0:44:34]} Rb2+
{[%clk 0:20:30]} 62. Rb5 {[%clk 0:44:40]} Re2 {[%clk 0:19:18]} 63. a6
{[%clk 0:41:52]} Re6+ {[%clk 0:19:20]} 64. Ka5 {[%clk 0:41:42]} Re1
{[%clk 0:19:27]} 65. a7 {[%clk 0:41:30]} Ra1+ {[%clk 0:19:47]} 66. Kb6
{[%clk 0:41:55]} Ke7 {[%clk 0:20:02]} 67. Ra5 {[%clk 0:42:01]} Rb1+
{[%clk 0:20:25]} 68. Ka6 {[%clk 0:42:04]} Rd1 {[%clk 0:20:44]} 69. a8=Q
{[%clk 0:42:16]} Rd6+ {[%clk 0:21:09]} 70. Kb5 {[%clk 0:42:35]} Re6
{[%clk 0:21:34]} 71. Ra7+ {[%clk 0:42:55]} Kf6 {[%clk 0:21:59]} 72. Ra6
{[%clk 0:43:16]} Rxa6 {[%clk 0:22:22]} 73. Qxa6+ {[%clk 0:43:42]} Kg7
{[%clk 0:22:46]} 74. Kc5 {[%clk 0:44:05]} Kf7 {[%clk 0:23:09]} 75. Kd5
{[%clk 0:44:32]} Kg7 {[%clk 0:23:37]} 76. Ke5 {[%clk 0:44:55]} Kh6
{[%clk 0:24:01]} 77. Kf4 {[%clk 0:45:18]} Kg7 {[%clk 0:24:26]} 78. Kg5
{[%clk 0:45:46]} Kf7 {[%clk 0:24:52]} 79. Qxg6+ {[%clk 0:46:11]} Ke7
{[%clk 0:25:17]} 80. Kf5 {[%clk 0:46:32]} Kd7 {[%clk 0:25:43]} 81. Ke5
{[%clk 0:46:56]} Kc7 {[%clk 0:26:10]} 82. Kd5 {[%clk 0:47:23]} Kb7
{[%clk 0:26:36]} 83. Kc5 {[%clk 0:47:49]} Kc7 {[%clk 0:27:03]} 84. Qg7+
{[%clk 0:48:11]} Kd8 {[%clk 0:27:26]} 85. Kd6 {[%clk 0:48:38]} Kc8
{[%clk 0:27:53]} 86. Qc7# {[%clk 0:49:04]} 1-0

[Event "2016 Girls Closed Championship"]
[Site "Manchester, NH"]
[Date "2016.06.28"]
[Round "6.2"]
[White "Virkud, Apurva"]
[Black "Yu, Jennifer"]
[Result "1-0"]
[BlackElo "2187"]
[WhiteElo "1913"]
[LiveChessVersion "1.4.8"]

1. d4 {[%clk 1:30:58]} d5 {[%clk 1:30:52]} 2. c4 {[%clk 1:31:20]} c6
{[%clk 1:31:13]} 3. e3 {[%clk 1:31:43]} Nf6 {[%clk 1:31:23]} 4. Nc3
{[%clk 1:32:07]} Bf5 {[%clk 1:31:30]} 5. cxd5 {[%clk 1:32:29]} cxd5
{[%clk 1:31:55]} 6. Qb3 {[%clk 1:32:50]} Bc8 {[%clk 1:32:04]} 7. Nf3
{[%clk 1:32:58]} e6 {[%clk 1:32:01]} 8. Ne5 {[%clk 1:33:10]} Be7 {[%clk 1:30:59]}
9. Bd3 {[%clk 1:31:02]} O-O {[%clk 1:29:43]} 10. O-O {[%clk 1:30:49]} Nc6
{[%clk 1:26:08]} 11. f4 {[%clk 1:29:55]} g6 {[%clk 1:19:42]} 12. Qd1
{[%clk 1:25:18]} Nd7 {[%clk 1:14:21]} 13. Bd2 {[%clk 1:21:41]} Ndxe5
{[%clk 1:08:37]} 14. fxe5 {[%clk 1:21:02]} f6 {[%clk 1:07:01]} 15. exf6
{[%clk 1:19:21]} Bxf6 {[%clk 1:06:46]} 16. Rc1 {[%clk 1:17:22]} Kg7
{[%clk 1:00:07]} 17. Qb3 {[%clk 0:53:20]} Bd7 {[%clk 0:47:21]} 18. Kh1
{[%clk 0:50:12]} Na5 {[%clk 0:41:00]} 19. Qd1 {[%clk 0:45:54]} Rc8
{[%clk 0:40:57]} 20. Nb5 {[%clk 0:37:11]} Rxc1 {[%clk 0:32:44]} 21. Qxc1
{[%clk 0:35:27]} Nc6 {[%clk 0:23:26]} 22. e4 {[%clk 0:30:43]} dxe4
{[%clk 0:16:51]} 23. Bh6+ {[%clk 0:28:02]} Kg8 {[%clk 0:17:16]} 24. Bxf8
{[%clk 0:26:50]} exd3 {[%clk 0:17:30]} 25. Bh6 {[%clk 0:26:21]} Nb4
{[%clk 0:11:42]} 26. Nc3 {[%clk 0:24:33]} Bg7 {[%clk 0:07:41]} 27. Bxg7
{[%clk 0:21:30]} Kxg7 {[%clk 0:08:10]} 28. Qf4 {[%clk 0:20:53]} Nc6
{[%clk 0:05:39]} 29. Qf7+ {[%clk 0:19:21]} Kh6 {[%clk 0:05:55]} 30. Ne4
{[%clk 0:17:35]} e5 {[%clk 0:02:19]} 31. Nf6 {[%clk 0:13:23]} Bf5
{[%clk 0:02:22]} 32. Qxh7+ {[%clk 0:12:43]} Kg5 {[%clk 0:02:48]} 33. Ng8
{[%clk 0:11:34]} Nxd4 {[%clk 0:01:27]} 34. Qh6+ {[%clk 0:09:56]} Kg4
{[%clk 0:01:50]} 35. h3+ {[%clk 0:07:36]} Kg3 {[%clk 0:02:16]} 36. Qe3+
{[%clk 0:06:57]} Kh4 {[%clk 0:02:38]} 37. Rf4+ {[%clk 0:03:32]} exf4
{[%clk 0:01:45]} 38. Qxf4+ {[%clk 0:03:59]} Kh5 {[%clk 0:02:02]} 39. Qh6#
{[%clk 0:04:25]} 1-0

[Event "2016 Girls Closed Championship"]
[Site "Manchester, NH"]
[Date "2016.06.28"]
[Round "6.3"]
[White "Wang, Annie"]
[Black "Dong, Alice"]
[Result "1/2-1/2"]
[BlackElo "1953"]
[WhiteElo "2061"]
[LiveChessVersion "1.4.8"]

1. d4 {[%clk 1:30:57]} Nf6 {[%clk 1:30:46]} 2. c4 {[%clk 1:31:21]} e6
{[%clk 1:31:07]} 3. Nc3 {[%clk 1:31:45]} Bb4 {[%clk 1:31:18]} 4. Qc2
{[%clk 1:32:07]} O-O {[%clk 1:30:47]} 5. a3 {[%clk 1:32:26]} Bxc3+
{[%clk 1:31:10]} 6. Qxc3 {[%clk 1:32:49]} d6 {[%clk 1:31:21]} 7. Bg5
{[%clk 1:33:01]} Nbd7 {[%clk 1:31:19]} 8. e3 {[%clk 1:32:52]} h6 {[%clk 1:31:01]}
9. Bh4 {[%clk 1:32:59]} c5 {[%clk 1:30:03]} 10. Ne2 {[%clk 1:19:34]} b6
{[%clk 1:28:43]} 11. Rd1 {[%clk 1:18:23]} Qc7 {[%clk 1:26:22]} 12. Qc2
{[%clk 1:14:55]} cxd4 {[%clk 1:23:04]} 13. Nxd4 {[%clk 1:08:08]} Ba6
{[%clk 1:22:35]} 14. Bxf6 {[%clk 1:03:36]} Nxf6 {[%clk 1:21:18]} 15. Qa4
{[%clk 1:02:41]} Bb7 {[%clk 1:19:02]} 16. Be2 {[%clk 0:49:43]} d5
{[%clk 1:12:18]} 17. cxd5 {[%clk 0:46:26]} Bxd5 {[%clk 1:10:42]} 18. O-O
{[%clk 0:45:33]} Qe5 {[%clk 1:10:19]} 19. Rc1 {[%clk 0:39:17]} Ne4
{[%clk 1:06:14]} 20. Rfd1 {[%clk 0:32:44]} Qf6 {[%clk 1:01:19]} 21. Bf3
{[%clk 0:28:50]} Qh4 {[%clk 0:52:16]} 22. Qc2 {[%clk 0:28:06]} Rac8
{[%clk 0:50:32]} 23. Qe2 {[%clk 0:25:53]} Qf6 {[%clk 0:48:44]} 24. Nb5
{[%clk 0:17:14]} a6 {[%clk 0:46:33]} 25. Bxe4 {[%clk 0:13:59]} Bxe4
{[%clk 0:41:12]} 26. Nc3 {[%clk 0:13:58]} Bb7 {[%clk 0:40:16]} 27. Rd6
{[%clk 0:12:07]} b5 {[%clk 0:38:50]} 28. Rcd1 {[%clk 0:09:41]} Rc5
{[%clk 0:37:25]} 29. e4 {[%clk 0:08:37]} Bc6 {[%clk 0:34:32]} 30. Qe3
{[%clk 0:07:06]} Rc4 {[%clk 0:34:18]} 31. f3 {[%clk 0:06:37]} b4 {[%clk 0:32:47]}
32. axb4 {[%clk 0:06:15]} Bb5 {[%clk 0:33:06]} 33. R1d4 {[%clk 0:03:35]} Rfc8
{[%clk 0:33:16]} 34. h3 {[%clk 0:03:06]} Qh4 {[%clk 0:31:06]} 35. Kh2
{[%clk 0:03:01]} e5 {[%clk 0:31:15]} 36. Rxc4 {[%clk 0:02:02]} Rxc4
{[%clk 0:31:40]} 37. Qd2 {[%clk 0:01:37]} Rxb4 {[%clk 0:28:35]} 38. Nxb5
{[%clk 0:01:56]} Rxb5 {[%clk 0:28:53]} 39. Rxa6 {[%clk 0:02:14]} Qf4+
{[%clk 0:28:15]} 40. Qxf4 {[%clk 0:32:37]} exf4 {[%clk 0:58:40]} 41. Ra2
{[%clk 0:29:47]} Kh7 {[%clk 0:56:36]} 42. g3 {[%clk 0:21:53]} fxg3+
{[%clk 0:56:44]} 43. Kxg3 {[%clk 0:22:10]} Kg6 {[%clk 0:56:59]} 44. Kf4
{[%clk 0:17:54]} f6 {[%clk 0:56:43]} 45. h4 {[%clk 0:16:46]} Kh5 {[%clk 0:56:43]}
46. Kg3 {[%clk 0:16:04]} g5 {[%clk 0:55:59]} 47. hxg5 {[%clk 0:15:54]} Kxg5
{[%clk 0:55:55]} 48. Ra6 {[%clk 0:11:20]} Rb3 {[%clk 0:53:57]} 49. Rc6
{[%clk 0:10:14]} h5 {[%clk 0:53:29]} 50. Rc5+ {[%clk 0:08:54]} Kg6
{[%clk 0:53:53]} 51. Rc2 {[%clk 0:08:48]} Kg5 {[%clk 0:53:20]} 52. Rh2
{[%clk 0:08:23]} Rd3 {[%clk 0:52:21]} 53. Rf2 {[%clk 0:04:12]} Rb3
{[%clk 0:52:14]} 54. Rh2 {[%clk 0:03:40]} 1/2-1/2

[Event "2016 Girls Closed Championship"]
[Site "Manchester, NH"]
[Date "2016.06.28"]
[Round "6.4"]
[White "Bykovtsev, Agata"]
[Black "Yip, Carissa"]
[Result "0-1"]
[WhiteElo "2158"]
[BlackElo "2196"]
[PlyCount "90"]
[EventDate "2016.??.??"]
[WhiteClock "0:30:21"]
[BlackClock "0:54:38"]

1. e4 e5 2. Nf3 Nc6 3. Bb5 a6 4. Ba4 Nf6 5. Qe2 b5 6. Bb3 Be7 7. c3 d6 8. O-O
O-O 9. Rd1 Na5 10. Bc2 c5 11. d4 Qc7 12. d5 c4 13. b4 Nb7 14. a4 Bd7 15. h3
Rfe8 16. Be3 g6 17. Nbd2 Nh5 18. Ra3 Ng7 19. Rda1 f5 20. axb5 Bxb5 21. Ba4 Bxa4
22. Rxa4 f4 23. Rxa6 Rxa6 24. Rxa6 fxe3 25. fxe3 Rb8 26. Rc6 Qd7 27. Qxc4 Ne8
28. Nb3 Kg7 29. Qa6 Nd8 30. Rb6 Nc7 31. Qa3 Rxb6 32. c4 Ra6 33. Qb2 Qa4 34. Qc3
Rb6 35. b5 Nf7 36. Na5 Nxb5 37. cxb5 Rxb5 38. Nc6 Bf6 39. Nd2 Rc5 40. Qb4 Qxb4
41. Nxb4 Bh4 42. Kf1 Rc1+ 43. Ke2 Rg1 44. Nf3 Rxg2+ 45. Kd3 Bf6 0-1

[Event "2016 Girls Closed Championship"]
[Site "Manchester, NH"]
[Date "2016.06.28"]
[Round "6.5"]
[White "Xiang, Evan"]
[Black "Nguyen, Emily"]
[Result "1-0"]
[BlackElo "1944"]
[WhiteElo "1806"]
[LiveChessVersion "1.4.8"]

1. d4 {[%clk 1:30:59]} d5 {[%clk 1:30:58]} 2. Bf4 {[%clk 1:31:25]} Nf6
{[%clk 1:31:24]} 3. Nf3 {[%clk 1:31:49]} e6 {[%clk 1:31:51]} 4. e3
{[%clk 1:32:15]} Be7 {[%clk 1:32:18]} 5. h3 {[%clk 1:31:30]} b6 {[%clk 1:32:37]}
6. c4 {[%clk 1:31:08]} Bb7 {[%clk 1:32:55]} 7. Nc3 {[%clk 1:31:30]} O-O
{[%clk 1:32:31]} 8. Bd3 {[%clk 1:31:15]} Nbd7 {[%clk 1:32:09]} 9. O-O
{[%clk 1:31:01]} Ne4 {[%clk 1:25:17]} 10. Qc2 {[%clk 1:28:53]} f5
{[%clk 1:23:17]} 11. Ne5 {[%clk 1:26:19]} c6 {[%clk 1:18:33]} 12. f3
{[%clk 1:22:49]} Nxe5 {[%clk 1:08:22]} 13. Bxe5 {[%clk 1:18:02]} Nd6
{[%clk 1:04:35]} 14. b3 {[%clk 1:16:00]} Bf6 {[%clk 1:02:01]} 15. e4
{[%clk 1:08:01]} dxc4 {[%clk 0:54:31]} 16. Be2 {[%clk 0:59:55]} Nf7
{[%clk 0:47:57]} 17. Bxf6 {[%clk 0:55:30]} Qxf6 {[%clk 0:48:21]} 18. Bxc4
{[%clk 0:55:29]} Qxd4+ {[%clk 0:47:58]} 19. Kh1 {[%clk 0:55:39]} Qf6
{[%clk 0:45:31]} 20. f4 {[%clk 0:51:13]} Kh8 {[%clk 0:40:30]} 21. Rae1
{[%clk 0:45:50]} Rfe8 {[%clk 0:37:56]} 22. Ne2 {[%clk 0:39:47]} Rad8
{[%clk 0:33:16]} 23. Ng3 {[%clk 0:38:38]} Nh6 {[%clk 0:32:37]} 24. Qe2
{[%clk 0:37:04]} Qh4 {[%clk 0:30:36]} 25. Qe3 {[%clk 0:31:39]} c5
{[%clk 0:26:38]} 26. Kg1 {[%clk 0:30:46]} Bc6 {[%clk 0:26:16]} 27. a4
{[%clk 0:25:17]} Qf6 {[%clk 0:18:27]} 28. Re2 {[%clk 0:19:06]} Qg6
{[%clk 0:16:02]} 29. Rfe1 {[%clk 0:17:56]} fxe4 {[%clk 0:14:07]} 30. Nxe4
{[%clk 0:18:20]} e5 {[%clk 0:13:47]} 31. Ng3 {[%clk 0:11:51]} exf4
{[%clk 0:12:17]} 32. Qxf4 {[%clk 0:12:12]} Rf8 {[%clk 0:11:21]} 33. Qh4
{[%clk 0:09:48]} Nf5 {[%clk 0:08:27]} 34. Nxf5 {[%clk 0:09:57]} Qxf5
{[%clk 0:08:50]} 35. Qe7 {[%clk 0:07:38]} Rde8 {[%clk 0:04:39]} 36. Qd6
{[%clk 0:06:38]} Rxe2 {[%clk 0:04:22]} 37. Rxe2 {[%clk 0:07:01]} Ba8
{[%clk 0:04:14]} 38. Bd3 {[%clk 0:06:20]} Qf1+ {[%clk 0:03:18]} 39. Kh2
{[%clk 0:06:48]} Rg8 {[%clk 0:03:04]} 40. Qe5 {[%clk 0:34:38]} h6
{[%clk 0:31:02]} 41. Bc4 {[%clk 0:33:23]} Rf8 {[%clk 0:30:26]} 42. Re4
{[%clk 0:32:53]} Qb1 {[%clk 0:27:20]} 43. Rg4 {[%clk 0:32:38]} Qh7
{[%clk 0:26:00]} 44. Qe7 {[%clk 0:28:25]} Rc8 {[%clk 0:26:07]} 45. Be6
{[%clk 0:28:37]} Rb8 {[%clk 0:26:12]} 46. Qxa7 {[%clk 0:28:42]} Re8
{[%clk 0:26:17]} 47. Qf7 {[%clk 0:27:37]} Rd8 {[%clk 0:25:45]} 48. Rf4
{[%clk 0:27:02]} Qc2 {[%clk 0:22:38]} 49. Qf8+ {[%clk 0:27:03]} Rxf8
{[%clk 0:23:05]} 50. Rxf8+ {[%clk 0:27:32]} Kh7 {[%clk 0:23:34]} 51. Bf5+
{[%clk 0:28:01]} Qxf5 {[%clk 0:24:02]} 52. Rxf5 {[%clk 0:28:30]} Kg6
{[%clk 0:24:31]} 53. Rf8 {[%clk 0:28:13]} Bd5 {[%clk 0:24:42]} 54. Rb8
{[%clk 0:28:38]} c4 {[%clk 0:25:07]} 55. Rxb6+ {[%clk 0:28:45]} Kf5
{[%clk 0:25:33]} 56. Rb5 {[%clk 0:28:44]} Ke6 {[%clk 0:26:00]} 57. Rxd5
{[%clk 0:29:08]} Kxd5 {[%clk 0:26:26]} 58. bxc4+ {[%clk 0:29:34]} Kxc4
{[%clk 0:26:54]} 59. Kg3 {[%clk 0:29:58]} Kb4 {[%clk 0:27:21]} 60. Kg4
{[%clk 0:30:22]} g6 {[%clk 0:27:45]} 61. h4 {[%clk 0:30:39]} Kxa4
{[%clk 0:28:08]} 62. h5 {[%clk 0:31:04]} gxh5+ {[%clk 0:28:33]} 63. Kxh5
{[%clk 0:31:31]} Kb5 {[%clk 0:29:00]} 64. Kxh6 {[%clk 0:31:55]} Kc6
{[%clk 0:29:27]} 65. g4 {[%clk 0:32:22]} Kd7 {[%clk 0:29:50]} 66. g5
{[%clk 0:32:48]} Ke8 {[%clk 0:30:17]} 67. Kh7 {[%clk 0:33:13]} 1-0